Ohlédnutí za zasedáním výboru pro pojištění odpovědnosti CEA v Praze
Rozhovor s Danielom Schanté, generálnym tajomníkom Výboru pre zodpovednostné poistenie, ktorý je jedným z odborných pracovných orgánov Európskeho poisťovacieho výboru (CEA) o výsledkoch pražského zasadania, o vývoji českého poistného trhu a o ďalších aktivitách CEA. Stručná charakteristika CEA, jej...
Guardado en:
| Autor principal: | |
|---|---|
| Otros Autores: | |
| Formato: | Capítulo de libro |
| Lenguaje: | checo |
| Materias: | |
| Etiquetas: |
Sin Etiquetas, Sea el primero en etiquetar este registro!
|
MARC
| LEADER | 00000naa a2200000 4500 | ||
|---|---|---|---|
| 001 | r046475 | ||
| 005 | 20230922100531.8 | ||
| 041 | 0 | |a cze | |
| 044 | |a CZ | ||
| 245 | 1 | 0 | |a Ohlédnutí za zasedáním výboru pro pojištění odpovědnosti CEA v Praze |c Daniel Schanté, Josef Čížek |
| 520 | |a Rozhovor s Danielom Schanté, generálnym tajomníkom Výboru pre zodpovednostné poistenie, ktorý je jedným z odborných pracovných orgánov Európskeho poisťovacieho výboru (CEA) o výsledkoch pražského zasadania, o vývoji českého poistného trhu a o ďalších aktivitách CEA. Stručná charakteristika CEA, jej ciele a aktivity. | ||
| 610 | 2 | 0 | |a poisťovníctvo |
| 610 | 2 | 0 | |a poistenie zodpovednostné |
| 610 | 2 | 0 | |a CEA |
| 610 | 2 | 0 | |a Európa |
| 610 | 2 | 0 | |a Česko |
| 100 | 1 | |a Schanté, Daniel | |
| 700 | 1 | |a Čížek, Josef | |